Nhập môn kinh tế lượng - Cách tiếp cận hiện đại T.1

Tên sách tiếng Anh: Introductory econometrics: A modern approach; Tìm hiểu bản chất của kinh tế lượng và dữ liệu kinh tế. Phân tích hồi quy với dữ liệu chéo và phân tích hồi quy với dữ liệu chuỗi thời gian...

Popoln opis

Shranjeno v:
Bibliografske podrobnosti
Glavni avtor: Wooldridge, Jeffrey M
Drugi avtorji: Trần, Thị Tuấn Anh
Format: Knjiga
Jezik:Undetermined
Izdano: Tp. Hồ Chí Minh Kinh tế Tp. Hồ Chí Minh 2017
Teme:
Online dostop:http://lrc.tdmu.edu.vn/opac/search/detail.asp?aID=2&ID=33800
Oznake: Označite
Brez oznak, prvi označite!
Thư viện lưu trữ: Trung tâm Học liệu Trường Đại học Thủ Dầu Một
LEADER 01093nam a2200229Ia 4500
001 TDMU_33800
008 210410s9999 xx 000 0 und d
082 |a 895.9228408 
090 |b W432 
100 |a Wooldridge, Jeffrey M 
245 0 |a Nhập môn kinh tế lượng - Cách tiếp cận hiện đại 
245 0 |c Jeffrey M. Wooldridge; Trần Thị Tuấn Anh (ch.b. dịch) 
245 0 |n T.1 
260 |a Tp. Hồ Chí Minh 
260 |b Kinh tế Tp. Hồ Chí Minh 
260 |c 2017 
300 |a 552tr. 
520 |a Tên sách tiếng Anh: Introductory econometrics: A modern approach; Tìm hiểu bản chất của kinh tế lượng và dữ liệu kinh tế. Phân tích hồi quy với dữ liệu chéo và phân tích hồi quy với dữ liệu chuỗi thời gian 
650 |a Kinh tế lượng 
700 |a Trần, Thị Tuấn Anh 
856 |u http://lrc.tdmu.edu.vn/opac/search/detail.asp?aID=2&ID=33800 
980 |a Trung tâm Học liệu Trường Đại học Thủ Dầu Một